RCD Espanyol Squad 2025-2026 - Statistics

General Stats
  • This quiz has been taken 133 times
    44 since last reset
  • The average score is 16 of 26
Answer Stats
# Position Nation Player % Correct
13 GK Serbia Marko Dmitrović
97%
9 FW Spain Roberto Fernández
93%
22 DF Spain Carlos Romero
86%
- Coach Spain Manolo González
86%
23 DF Morocco Omar El Hilali
86%
19 FW Spain Kike García
83%
24 FW England Tyrhys Dolan
83%
38 DF Germany Clemens Riedel
72%
6 DF Uruguay Leandro Cabrera
72%
18 MF DR Congo Charles Pickel
69%
7 FW Spain Javi Puado
69%
10 MF Spain Pol Lozano
62%
16 FW Italy Luca Koleosho
59%
8 MF Spain Edu Expósito
55%
5 DF Spain Fernando Calero
55%
11 FW Spain Pere Milla
55%
2 DF Spain Rubén Sánchez
55%
4 MF Spain Urko González de Zárate
55%
16 FW Belgium Cyril Ngonge
48%
27 MF Spain Javi Hernández
48%
17 FW Spain Jofre Carreras
45%
1 GK Spain Ángel Fortuño
38%
20 FW Spain Antoniu Roca
34%
15 DF Spain Miguel Rubio
34%
14 MF Spain Ramón Terrats
34%
12 DF Spain José Salinas
24%
No matching quizzes found
Score Distribution
Percent of People with Each Score
Percentile by Number Answered
Your Score History
You have not taken this quiz since the last reset